书目信息 |
| 题名: |
曲面论
|
|
| 作者: | 诺尔金 著 | |
| 分册: | ||
| 出版信息: | 北京 高等教育出版社 1965.03 |
|
| 页数: | 278页 | |
| 开本: | 20cm | |
| 丛书名: | ||
| 单 册: | ||
| 中图分类: | O186.11 | |
| 科图分类: | ||
| 主题词: | 几何 , 拓扑 | |
| 电子资源: | ||
| ISBN: | ||
| 000 | 00523nam0 2200205 450 | |
| 001 | 0636917000 | |
| 005 | 20061122101702.10 | |
| 010 | @dCNY0.85 | |
| 100 | @a20061122d1965 km y0chiy0120 ea | |
| 101 | 0 | @achi |
| 102 | @aCN@b110000 | |
| 200 | 1 | @a曲面论@Aqu mian lun@f(苏)诺尔金著@F(su)nuo er jin zhu |
| 210 | @a北京@c高等教育出版社@d1965.03 | |
| 215 | @a278页@d20cm | |
| 606 | 0 | @a几何 |
| 606 | 0 | @a拓扑 |
| 690 | @aO186.11@v3 | |
| 701 | 0 | @a诺尔金@Anuo er jin@4著 |
| 801 | 0 | @aCN@bPFT@c20061122 |
| 905 | @a10447@dO186.11@e7 | |
| 曲面论/(苏)诺尔金著.-北京:高等教育出版社,1965.03 |
| 278页;20cm |
| ISBN :CNY0.85 |
| ● |
| 相关链接 |
|
|
|
|
正题名:曲面论
索取号:O186.11/7
 
预约/预借
| 序号 | 登录号 | 条形码 | 馆藏地/架位号 | 状态 | 备注 |
| 1 | 0008563 | 000405715 | 第二样本阅览室/ [索取号:O186.11/7] | 在馆 |